100 words almost everyone mispronounces / (Record no. 283324)
[ view plain ]
| 000 -LEADER | |
|---|---|
| fixed length control field | 00565nam a2200157Ia 4500 |
| 008 - FIXED-LENGTH DATA ELEMENTS--GENERAL INFORMATION | |
| fixed length control field | 150223s9999 xx 000 0 und d |
| 020 ## - INTERNATIONAL STANDARD BOOK NUMBER | |
| International Standard Book Number | 9780547148113 |
| 050 ## - LIBRARY OF CONGRESS CALL NUMBER | |
| Classification number | PE 1137 |
| Item number | .A15 2008 |
| 100 ## - MAIN ENTRY--PERSONAL NAME | |
| Personal name | Berube, Margery S. et. al. |
| 245 ## - TITLE STATEMENT | |
| Title | 100 words almost everyone mispronounces / |
| Remainder of title | . |
| Statement of responsibility, etc | Margery S. Berube et. al. |
| 260 ## - PUBLICATION, DISTRIBUTION, ETC. (IMPRINT) | |
| Place of publication, distribution, etc | USA : |
| Name of publisher, distributor, etc | Houghton Mifflin Harcourt Publishing Company, |
| Date of publication, distribution, etc | 2008 |
| 300 ## - PHYSICAL DESCRIPTION | |
| Extent | 118 pages : |
| Dimensions | 21 cm. |
| 504 ## - BIBLIOGRAPHY, ETC. NOTE | |
| Bibliography, etc | Includes Index. |
| 650 ## - SUBJECT ADDED ENTRY--TOPICAL TERM | |
| Topical term or geographic name as entry element | English language |
| General subdivision | Pronunciation-Dictionaries |
| 650 ## - SUBJECT ADDED ENTRY--TOPICAL TERM | |
| Topical term or geographic name as entry element | English language |
| General subdivision | Usage-Dictionaries. |
No items available.